| 000 | 00616nam a22001937a 4500 | ||
|---|---|---|---|
| 005 | 20170222130144.0 | ||
| 010 | _aENG-117298 | ||
| 020 |
_a9789383252664 _c650.00 |
||
| 035 | _aEN-100830 | ||
| 037 | _bDBAD/PUB | ||
| 082 | _a305.42 | ||
| 245 |
_aIndian women : _bsocio economic and gender perspectives / _cedited by Sushanta Kumar Kashyap |
||
| 260 |
_aEBH (Eastren Book House) _bGuwahti _c2015 |
||
| 270 |
_a136,M.N. Road,Panbazar, _bGuwahti _e781001 |
||
| 300 |
_ax,152p. : _bill _c22cm(Hb) |
||
| 500 | _aIncludes index | ||
| 700 | _aKashyap,Sushanta Kumar | ||
| 942 |
_2ddc _cEN _h305.42 _mKAS |
||
| 999 |
_c137771 _d137771 |
||